Segundo Catecismo para la celebración de la Eucaristia franceses / (Record no. 84069)

MARC details
000 -LEADER
campo de control de longitud fija 00595nam a2200181 i 4500
001 - NÚMERO DE CONTROL
campo de control 84069
003 - IDENTIFICADOR DE NÚMERO DE CONTROL
campo de control ES-MaACL
005 - FECHA Y HORA DE LA ÚLTIMA TRANSACCIÓN
campo de control 20230906174935.0
007 - CAMPO FIJO DE DESCRIPCIÓN FÍSICA--INFORMACIÓN GENERAL
campo de control de longitud fija t|
008 - DATOS DE LONGITUD FIJA--INFORMACIÓN GENERAL
campo de control de longitud fija 041119s1967 sp ||||1| spa d
245 00 - MENCIÓN DEL TÍTULO
Título Segundo Catecismo para la celebración de la Eucaristia franceses /
Mención de responsabilidad, etc. [preparado por Raimond Izard ; la versión castellana es de Ramón Jáuregui].
250 ## - MENCION DE EDICION
Mención de edición [1ª ed.].
260 ## - PUBLICACIÓN, DISTRIBUCIÓN, ETC.
Lugar de publicación, distribución, etc. Barcelona :
Nombre del editor, distribuidor, etc. Estela,
Fecha de publicación, distribución, etc. [1967]
300 ## - DESCRIPCIÓN FÍSICA
Extensión 90 p. :
Otras características físicas il. ;
Dimensiones 17 cm.
700 1# - ENTRADA AGREGADA--NOMBRE PERSONAL
Nombre de persona Izard, Raymond.
9 (RLIN) 65683
700 1# - ENTRADA AGREGADA--NOMBRE PERSONAL
Nombre de persona Jáuregui, Ramón.
9 (RLIN) 66190
852 ## - LOCALIZACIÓN
Ubicación ES-MaACL
Número de control de estantería C-33909
Sublocalización o colección R.64977
Holdings
Estatus retirado Estado de pérdida Estado de daño No para préstamo Biblioteca de origen Biblioteca actual Ubicación en estantería Fecha de adquisición Fuente de adquisición Total de préstamos Signatura topográfica completa Código de barras Visto por última vez Precio de reemplazo Tipo de ítem Koha
        Biblioteca del Ateneo de Madrid Biblioteca del Ateneo de Madrid Depósito 2 17/01/2008     C-33909 1087858 23/02/2023 23/02/2023 Libro impreso